Districts of Uttar Pradesh Map Quiz - Statistics

General Stats
  • This quiz has been taken 1,099 times
  • The average score is 27 of 75
Answers on the Map
Answers color-coded by a green-red scale on the quiz's map according to % correct below.
 
Answer Stats
Answer % Correct
Agra
79%
Aligarh
59%
Allahabad
57%
Amroha
50%
Amethi
49%
Ballia
49%
Baghpat
48%
Bahraich
48%
Ambedkar Nagar
47%
Auraiya
46%
Azamgarh
46%
Badaun
44%
Balrampur
44%
Banda
44%
Bareilly
43%
Bijnor
43%
Barabanki
42%
Gautam Buddha Nagar
42%
Jhansi
42%
Saharanpur
42%
Chandauli
41%
Lalitpur
41%
Bulandshahr
40%
Chitrakoot
40%
Deoria
40%
Ghaziabad
40%
Basti
39%
Etah
38%
Etawah
38%
Gorakhpur
38%
Fatehpur
37%
Faizabad
36%
Farrukhabad
36%
Firozabad
36%
Ghazipur
36%
Mathura
36%
Lakhimpur Kheri
35%
Lucknow
35%
Gonda
34%
Hamirpur
34%
Hardor
34%
Hathras
34%
Jalaun
34%
Kanpur Dehat
34%
Kanpur Nagar
34%
Meerut
34%
Muzaffarnagar
34%
Jaunpur
32%
Maharajganj
32%
Kannauj
31%
Kushinagar
31%
Mahoba
31%
Mirzapur
31%
Moradabad
31%
Pilibhit
31%
Sonbhadra
31%
Hapur
30%
Kaushambi
30%
Mainpuri
30%
Mau
30%
Kasganj
29%
Rampur
29%
Varanasi
29%
Raebareli
28%
Pratapgarh
27%
Sitapur
26%
Sant Kabir Nagar
25%
Sant Ravidas Nagar
25%
Shahjahanpur
25%
Siddharthnagar
25%
Unnao
25%
Shravasti
24%
Sultanpur
24%
Sambhal
23%
Shamli
22%
No matching quizzes found
Score Distribution
Percent of People with Each Score
Percentile by Number Answered
Your Score History
You have not taken this quiz